| 000 | 01227cam a2200277 i 4500 | ||
|---|---|---|---|
| 003 | SA-RiAUC | ||
| 005 | 20250604085923.0 | ||
| 008 | 250603s1999____su a g 000 0dara c | ||
| 040 |
_aSA-JeALM _bara _cSA-RiAUC _erda |
||
| 043 | _aa-su--- | ||
| 082 | 0 | 4 | _a370.609531 |
| 090 |
_a370.609531 _bم ي م |
||
| 100 | 1 |
_aميمش، مصطفى فيصل علي _eمؤلف. |
|
| 245 | 1 | 0 |
_aوزارة المعارف في عهد وزيرها الأول الأمير فهد بن عبد العزيز 1373 هـ- 1380 هـ : _bدراسة تاريخية وصفية / _cمصطفى فيصل علي ميمش. |
| 250 | _aالطبعة الاولى. | ||
| 264 | 1 |
_aمكة المكرمة : _bجامعة أم القرى، _c1999 |
|
| 300 |
_a348 صفحة : _bجداول ؛ _c24 سم |
||
| 336 |
_aنص _btxt _2rdacontent _3كتاب |
||
| 337 |
_aبدون وسيط _bn _2rdamedia |
||
| 338 |
_aمجلد _bnc _2rdacarrier |
||
| 610 | 1 | 7 |
_aالسعودية. _bوزارة التربية والتعليم _2aucnm |
| 650 | 7 |
_aالتعليم _zالسعودية _xتاريخ _2aucsh |
|
| 651 | 7 |
_aالسعودية _xتاريخ _yفهد بن عبد العزيز، 1402-1426 هجري. _2aucsh |
|
| 942 |
_2ddc _cBOOK _n0 |
||
| 949 |
_aSA-JeALM _d250603 _uosman123 _n1 |
||
| 999 |
_c8721 _d8721 |
||